Movies Quiz

Random Movies or Quote Quiz

Movie Quotes: Increasing Difficulty Quiz Stats

Quiz Updated Jul 15, 2016

Also try: Movies Bunker
Challenge
Share
Tweet
Embed
Score 0/30 Timer 07:00
6 Plays Today
Word Movies % Correct
EasyThe Sixth Sense
92.5%
EasyAirplane!
84.9%
EasyThe Graduate
84.4%
EasyWhen Harry Met Sally...
81.8%
EasyField of Dreams
79.9%
EasyDirty Harry
77.7%
EasyPsycho
77%
EasyApocalypse Now
75.9%
MediumMrs. Doubtfire
61.5%
EasyGladiator
59.4%
EasyCool Hand Luke
50.9%
MediumStand By Me
50.6%
MediumThe Big Lebowski
49.8%
MediumLife of Brian
37%
MediumThe School of Rock
34.8%
Word Movies % Correct
MediumToy Story
29.1%
MediumThe Usual Suspects
28.7%
HardTitanic
27.1%
MediumFight Club
24.6%
MediumAce Ventura: Pet Detective
20.3%
HardScream
15.8%
HardIndependence Day
14.2%
HardThe Lord of the Rings: The Return of the King
12.8%
HardAmadeus
9.9%
HardAmerican Beauty
9.5%
HardAmerican Psycho
9.2%
MediumThe Departed
8.8%
HardAlmost Famous
6.6%
HardBefore Sunset
3.9%
HardLock, Stock and Two Smoking Barrels
3.3%

You're not logged in!

Compare scores with friends on all Sporcle quizzes.
Sign Up with Email
OR
Log In

You Might Also Like...

Show Comments

Extras

Top Quizzes Today


Score Distribution

Your Account Isn't Verified!

In order to create a playlist on Sporcle, you need to verify the email address you used during registration. Go to your Sporcle Settings to finish the process.